A Descriptive Catalogue of The Manuscripts and Editions of Maulana Rums: (Record no. 185927)
[ view plain ]
| 000 -LEADER | |
|---|---|
| fixed length control field | 00689nam a22001937a 4500 |
| 005 - DATE AND TIME OF LATEST TRANSACTION | |
| control field | 20220211102401.0 |
| 010 ## - LCCN (DPL NO) | |
| LC control number | ENG-131521 |
| 020 ## - INTERNATIONAL STANDARD BOOK NUMBER | |
| International Standard Book Number | 9789380935928 |
| Terms of availability | 610.00 |
| 035 ## - SYSTEM CONTROL NUMBER | |
| System control number | EN-115053 |
| 037 ## - SOURCE OF ACQUISITION | |
| Source of stock number/acquisition | DBAD |
| 082 ## - DEWEY DECIMAL CLASSIFICATION NUMBER | |
| Classification number | 016.8915511 |
| 100 ## - MAIN ENTRY--PERSONAL NAME | |
| Personal name | Qasemi, Sharif Husain |
| 245 ## - TITLE STATEMENT | |
| Title | A Descriptive Catalogue of The Manuscripts and Editions of Maulana Rums: |
| Remainder of title | Works in India/ |
| Statement of responsibility, etc | Sharif Husain Qasemi, Ramesh C. Gaur |
| 260 ## - PUBLICATION, DISTRIBUTION, ETC. (IMPRINT) | |
| Place of publication, distribution, etc | New Delhi |
| Name of publisher, distributor, etc | Indira Gandhi National Centre for the Arts |
| Date of publication, distribution, etc | 2018 |
| 270 ## - ADDRESS | |
| Address | 11, Man Singh Road |
| City | New Delhi |
| Postal code | 110001 |
| 300 ## - PHYSICAL DESCRIPTION | |
| Extent | 192p. |
| Other physical details | Bibliography, Picture |
| Dimensions | 26cm(hbk) |
| 700 ## - ADDED ENTRY--PERSONAL NAME | |
| Personal name | Gaur, Ramesh C. |
| 942 ## - ADDED ENTRY ELEMENTS (KOHA) | |
| Source of classification or shelving scheme | Dewey Decimal Classification |
| Item type | English Books |
| Classification part | 016.8915511 |
| Call number suffix | QAS |
| Withdrawn status | Lost status | Not for loan | Collection code | Home library | Current library | Date acquired | Source of acquisition | Cost, normal purchase price | Full call number | Barcode | Copy number | Cost, replacement price | Koha item type |
|---|---|---|---|---|---|---|---|---|---|---|---|---|---|
| Non-fiction | Bawana | Bawana | 11/02/2022 | DBAD/PUB | 610.00 | 016.8915511 QAS | EN-115053 | 1 | 610.00 | English Books |
